Cinco tesis sobre el populismo /
Se expone la primera de una entrega de cinco tesis sobre el populismo, el cual es considerado por el autor de gran actualidad dada la existencia de gobiernos latinoamericanos que ha excepción de México y Colombia, han escogido presidentes de centro-izquierda en los últimas contiendas electorales des...
Сохранить в:
| Главный автор: | |
|---|---|
| Формат: | Текст |
| Предметы: | |
| Метки: |
Добавить метку
Нет меток, Требуется 1-ая метка записи!
|
MARC
| LEADER | 00000 a a2200000 04500 | ||
|---|---|---|---|
| 001 | 16430 | ||
| 003 | |||
| 040 | |||
| 100 | |a Dussel, Enrique | ||
| 245 | |a Cinco tesis sobre el populismo / |c Enrique Dussel | ||
| 520 | |a Se expone la primera de una entrega de cinco tesis sobre el populismo, el cual es considerado por el autor de gran actualidad dada la existencia de gobiernos latinoamericanos que ha excepción de México y Colombia, han escogido presidentes de centro-izquierda en los últimas contiendas electorales desde el año 2000 | ||
| 650 | |a POPULISMO | ||
| 650 | |a ANALISIS HISTORICO | ||
| 773 | |g volumen 1, número 2; páginas 19-20 | ||
| 999 | |c 37337 |d 37337 | ||
